| 000 | 00803nam a22001937a 4500 | ||
|---|---|---|---|
| 999 |
_c187030 _d187030 |
||
| 005 | 20220328124335.0 | ||
| 010 | _aUR-11496 | ||
| 020 |
_c400.00 _a9835467865463 |
||
| 035 | _aU-10051 | ||
| 037 |
_bDBAD/PUB _a- |
||
| 082 |
_a920.270 _2Ist |
||
| 100 | _aسيد شا ہ محمد آ يت ا للہ قا د ر ی | ||
| 245 |
_aخلا فت و ملکو يت ا و ر حضر ت عمر بن عبد العز يز _c سيد شا ہ محمد آ يت ا للہ قا د ر ی |
||
| 246 |
_bKhilafat-o-Malkooiyat Aur Hazrat Umar Bin Abdulaziz(Urdu) _aby Sayeed Shah Mohd. Aayatullah Qadri |
||
| 260 |
_aBihar _bDarul Ashaat Khanqah-e-Mujibia _c2021ء |
||
| 270 |
_aPhulwari Sharif, _bPatna _e801505 _k+91-7250433562 _l- |
||
| 300 |
_a424 ص _c22 Cm(Hb) |
||
| 942 |
_2ddc _cUR _h920.270 _mم ح م |
||